000 00277nam a2200109Ia 4500
008 240731s9999 xx 000 0 und d
245 0 _aAfrican Languages and Cultures
260 _bRoutledge
856 _uhttps://www.tandfonline.com/loi/cjac19
942 _2ddc
942 _cTFEJ
999 _c75215
_d75215
945 _a1
_bMadushi Gamage
_c1
_dMadushi Gamage